Los espejismos del desarrollo : entre la utopía y el progreso /

Uloženo v:
Podrobná bibliografie
Hlavní autor: Careaga, Gabriel (autor)
Médium: Kniha
Jazyk:španělština
Vydáno: México : Océano, 1983, c1983
Témata:
Tagy: Přidat tag
Žádné tagy, Buďte první, kdo vytvoří štítek k tomuto záznamu!

MARC

LEADER 00000nam^a2200000^a^4500
001 000269954
005 20250521000000.0
008 071113 19831983
009 20260310110941.848
020 |a 968-493-024-0 
025 |a Donación Luis González Martínez, 1 ejemplar 
037 |a Acervo ITESO - Biblioteca 
041 |a ESP 
082 |a 330. 9  |b CAR 
100 |a Careaga, Gabriel  |e (autor) 
245 1 4 |a Los espejismos del desarrollo :  |b entre la utopía y el progreso /  |c G. Careaga. 
264 4 |a México :  |b Océano,  |c 1983, c1983 
300 |a 247 p. 
336 |a texto  |b txt  |2 rdacontenido 
337 |a sin mediación  |b n  |2 rdamedio 
338 |a volumen  |b nc  |2 rdasoporte 
649 |a XX 
650 |a Desarrollo Económico-Social -  |x Tema Principal 
650 |a Utopía 
650 |a Socialismo 
650 |a Capitalismo 
650 |a Política 
650 |a Economía 
910 |a Fondo Luis González Martínez 
920 |a Impresos - Libros 
930 |a Colección General 
905 |a 139 
901 |a 0500155130  |b IT1  |c ESP  |i D  |u 20250521 
902 |a https://opac.biblio.iteso.mx/vufind/Record/000269954